| 000 | 00465cam a2200193ua 4500 | ||
|---|---|---|---|
| 001 | 77 | ||
| 008 | 110316n ii |||gr||||Z||||||eng | ||
| 020 | _a81-85623-11-2 | ||
| 040 | _cMAIN | ||
| 082 | _a005.4 | ||
| 245 |
_aDos Quick Reference. _cBy Rajib Mathur. |
||
| 250 | _a3rd. | ||
| 260 |
_aNew Delhi.: _bGalgotia., _c2002. |
||
| 300 | _a401 p.:6 cm. | ||
| 653 | _aComputer Science. | ||
| 653 | _aQuick Reference to Dos. | ||
| 700 | _aMathur, Rajib., | ||
| 942 | _cBK | ||
| 999 |
_c68 _d68 |
||